000
00262nam a22001217a 4500
008
170418b xxu||||| |||| 00| 0 eng d
041
_a
eng
080
_a
579
100
_a
11
101
_a
SHM
245
_a
MEDICAL MICROBIOLOGY
_c
IMUNOLOGY
942
_2
udc
_c
BK
999
_c
11026
_d
11026